Rap Contenders France (RC) - Statistiques

Statistiques générales
  • Ce quiz a été pris 295 fois
  • Le résultat moyen est 6 sur 12
Statistiques - réponses
Punchlines édition MC(s) % Correct
T'as pas 1 centime, ta femme l'a senti mais je suis gentil, j'la fais kiffer comme l'alarme incendie RC1 Nekfeu
88%
J't'ai monté en l'air sans te toucher, c'est de la télékinésie ! RC9 Wojtek
84%
J'regarde tes clips et j't'avoue qu'avec tous les boutons que t'as, mon blackberry est jaloux. RC4 Dinos
73%
Ce soir, c'est l'homme qui est venu faire le ménage. La femme ? Elle a jeté l'éponge. RC3 Jazzy Bazz
65%
Si j'fais des hi han, hi han... C'est que t'as la voix de l'âne dans Shrek. RC7 Hermano Salvatore
60%
On dirait que vous êtes plusieurs dans ta tête et que les autres ils essaient de se barrer. RC10 Louvar
53%
Tu crois que le RC c'est pour chauffer tes stat' alors que c'est pour cogner des gars qui auraient pas si t'aurais fait le taff RC16 Andra
47%
Mon dieu, c'est une première mondiale ! Je battle un Chaussée aux Moines... RC6 Vincenz
45%
Je sais pas si tu ressembles à Cyprien, mais il ressemble à Cortex ! RC15 2taf & Saminem
41%
J'viens défoncer ta carrière. Ok, j'tape dans le vide. RC3 Gaiden
39%
Me faire mettre au pas ? Par un bobo sympathique qui a les mêmes oreilles moches que Maitre Yoda ? RC14 Aladoum
35%
Explique-nous un truc, ton visage... Pourquoi ? RC10 Marshall Ombre & Arcanes
13%
Aucun quiz correspondant
Distribution des résultats
% des personnes avec chaque résultat
Percentile par nombre de réponses
Votre historique - résultats
Vous n’avez pas pris ce quiz